A kreativitás és a szociális kompetenciák jelentősége a közösségszervezési tapasztalatok tükrében

Elmentve itt :
Bibliográfiai részletek
Szerző: Újvári Edit
Testületi szerző: A nem kognitív készségek fejlesztése a munkaerőpiaci igények tükrében = Development of non-cognitive skills in the light of labour market needs
Dokumentumtípus: Könyv része
Megjelent: Juhász Gyula Felsőoktatási Kiadó Szeged 2019
Sorozat:A nem kognitív készségek fejlesztése a munkaerőpiaci igények tükrében : tanulmánykötet
Kulcsszavak:Kreativitás, Képességfejlesztés
Tárgyszavak:
Online Access:http://acta.bibl.u-szeged.hu/84610
LEADER 01113naa a2200217 i 4500
001 acta84610
005 20240307101843.0
008 240307s2019 hu o 1|| hun d
020 |a 978-615-5946-14-1 
040 |a SZTE Egyetemi Kiadványok Repozitórium  |b hun 
041 |a hun 
100 1 |a Újvári Edit 
245 1 2 |a A kreativitás és a szociális kompetenciák jelentősége a közösségszervezési tapasztalatok tükrében  |h [elektronikus dokumentum] /  |c  Újvári Edit 
260 |a Juhász Gyula Felsőoktatási Kiadó  |b Szeged  |c 2019 
300 |a 101-106 
490 0 |a A nem kognitív készségek fejlesztése a munkaerőpiaci igények tükrében : tanulmánykötet 
650 4 |a Társadalomtudományok 
650 4 |a Oktatástudomány 
695 |a Kreativitás, Képességfejlesztés 
711 |a A nem kognitív készségek fejlesztése a munkaerőpiaci igények tükrében = Development of non-cognitive skills in the light of labour market needs  |c Szeged  |d 2018. november 22. 
856 4 0 |u http://acta.bibl.u-szeged.hu/84610/1/nem_kognitiv_keszsegek_fejlesztese_tanulmanykotet_2019_101-106.pdf  |z Dokumentum-elérés